Modeling the environment: a introduction to system dynamics models of environmental systems

Guardado en:
Detalles Bibliográficos
Autor principal: Ford, Andrew (Autor)
Formato: Libro
Lenguaje:inglés
Publicado: Washington, D.C Island Press 1999
Materias:
Etiquetas: Agregar Etiqueta
Sin Etiquetas, Sea el primero en etiquetar este registro!

MARC

LEADER 00000nam a2200000 a 4500
001 UCI0893
003 CL-VaPUC
008 070601e19990000US |||||||||||||||||eng|d
020 |a 1559636017 
082 0 4 |a 577.1  |b FOR  |2 21 
100 0 |a Ford, Andrew  |e author  |9 521077 
245 1 0 |a Modeling the environment: a introduction to system dynamics models of environmental systems 
300 |a 401 p 
942 |c BK 
945 |d 20070601 00:00:00  |a jtorresc 
260 |a Washington, D.C  |b Island Press  |c 1999 
650 0 |a Medio ambiente  |9 257625 
650 7 |a ECOSISTEMA  |2 CL-VaPUC  |9 347937 
650 7 |a RECUSOS NATURALES  |2 CL-VaPUC  |9 521078 
583 |a last modification  |c 20140404 11:11:34  |k Rodrigo Vera 
999 |c 325865  |d 325863 
952 |0 0  |1 0  |4 0  |6 577_100000000000000_FOR_1999  |7 0  |8 A  |9 407322  |a BIBGIM  |b BIBGIM  |d 2019-11-22  |i 4343271  |o 577.1 FOR 1999  |p 4343271  |r 2025-01-15  |w 2019-11-22  |y BK  |k EST